[Event "CZE-chT1E 1819"]
[Site "Czech Republic"]
[Date "2019.01.20"]
[Round "6.5"]
[White "Jonas, Vlastimil"]
[Black "Kula, Dominik"]
[Result "0-1"]
[WhiteElo "2100"]
[BlackElo "2206"]
[PlyCount "52"]
[EventDate "2018.10.21"]
[EventType "team-tourn"]
[EventRounds "11"]
[EventCountry "CZE"]
[SourceTitle "CBM 188 Extra"]
[Source "ChessBase"]
[SourceDate "2019.02.26"]
[SourceVersion "1"]
[SourceVersionDate "2019.02.26"]
[SourceQuality "1"]
[WhiteTeam "Rychnov nad Kneznou"]
[BlackTeam "Hostalkova"]
[WhiteTeamCountry "CZE"]
[BlackTeamCountry "CZE"]

1. d4 Nf6 2. Bg5 d5 3. Bxf6 gxf6 4. c4 Nc6 5. e3 Bf5 6. Nc3 dxc4 7. Bxc4 Qd7 8. Nge2 e6 9. Ng3 Bg6 10. Qf3 0-0-0 11. Bb5 Be7 12. 0-0 h5 13. Bxc6 Qxc6 14. Qxc6 bxc6 15. Na4 e5 16. dxe5 fxe5 17. Rfc1 Rhg8 18. f3 Bd3 19. Nc5 Bxc5 20. Rxc5 h4 21. Nh1 Be2 22. Kf2 Rd2 23. g3 Bd1+ 24. Kg1 Bxf3 25. Rac1 Rg2+ 26. Kf1 Rxh2 0-1

[Event "CZE-chT1E 1819"]
[Site "Czech Republic"]
[Date "2018.10.21"]
[Round "1.4"]
[White "Kula, Dominik"]
[Black "Mohapl, Petr"]
[Result "1-0"]
[WhiteElo "2206"]
[BlackElo "2053"]
[PlyCount "83"]
[EventDate "2018.10.21"]
[EventType "team-tourn"]
[EventRounds "11"]
[EventCountry "CZE"]
[SourceTitle "CBM 187 Extra"]
[Source "ChessBase"]
[SourceDate "2018.11.04"]
[SourceVersion "1"]
[SourceVersionDate "2018.11.04"]
[SourceQuality "1"]
[WhiteTeam "Hostalkova"]
[BlackTeam "Litovel Tatran"]
[WhiteTeamCountry "CZE"]
[BlackTeamCountry "CZE"]

1. e4 c6 2. d4 d5 3. Nd2 dxe4 4. Nxe4 Nd7 5. Nf3 Ngf6 6. Qe2 Nxe4 7. Qxe4 Nf6 8. Qd3 g6 9. Qb3 Qb6 10. Bc4 Qxb3 11. Bxb3 Bf5 12. Ne5 Nd5 13. Bd2 f6 14. Nc4 0-0-0 15. a4 Nc7 16. c3 Be6 17. Bf4 Bd5 18. 0-0 g5 19. Bg3 h5 20. h3 h4 21. Bh2 g4 22. hxg4 h3 23. f3 hxg2 24. Kxg2 Bh6 25. Bxc7 Kxc7 26. Na5 Rhg8 27. Bxd5 Rxd5 28. Nb3 f5 29. Kg3 Rd6 30. Rae1 Rdg6 31. Rxe7+ Kc8 32. Nc5 fxg4 33. f4 Rh8 34. Rfe1 Rf6 35. Re8+ Rxe8 36. Rxe8+ Kc7 37. Re7+ Kc8 38. Kxg4 Bxf4 39. Rxb7 Bc1 40. b4 Bd2 41. Rxa7 Rf1 42. b5 1-0